| 000 | 00000nam##2200000za#4500 |
| 001 | 9.684964 |
| 003 | CaOODSP |
| 005 | 20210615134535 |
| 007 | ta |
| 008 | 150407|2010||||xxc||||| f|0| 0 fre|d |
| 020 | |a978-0-660-97377-7 |
| 040 | |aCaOODSP|bfre |
| 043 | |an-cn--- |
| 086 | 1 |aCP32-92/2-2010F |
| 110 | 1 |aCanada.|bConseil privé. |
| 245 | 10|aCommission d'enquête concernant les allégations au sujet des transactions financières et commerciales entre Karlheinz Schreiber et le Très honorable Brian Mulroney - rapport / |cL'honorable Jeffrey Oliphant, Commissaire. |
| 260 | |aOttawa - Ontario : |bConseil privé |cc2010. |
| 300 | |aEn 2 v. (xx, 419p. ; xii, p. 421-822). : |bfigures, tableaux ; |c25 cm. |
| 500 | |aComprend deux volumes: Volume 2, Enquête sur les faits.--Volume 3, Politiques et conclusions et recommandations consolidées. |
| 563 | |aCouverture souple |
| 590 | |a10-22|b2010-06-04 |
| 775 | 08|tCommission of Inquiry into Certain Allegations Respecting Business and Financial Dealings Between Karlheinz Schreiber and the Right Honourable Brian Mulroney - report / |w(CaOODSP)9.651974 |
| 776 | 0#|tCommission d'enquête concernant les allégations au sujet des transactions financières et commerciales entre Karlheinz Schreiber et le Très Honorable Brian Mulroney - rapport / |w(CaOODSP)9.637544 |